Normal view
MARC view
- Bakes,Therese
Entry Personal Name
001 - CONTROL NUMBER
- control field: 1473
003 - CONTROL NUMBER IDENTIFIER
- control field: NUST
005 - DATE AND TIME OF LATEST TRANSACTION
- control field: 20170526164019.0
008 - FIXED-LENGTH DATA ELEMENTS
- fixed length control field: 170526|| aca||aabn | a|a d
040 ## - CATALOGING SOURCE
- Original cataloging agency: NUST
- Transcribing agency: NUST
100 ## - HEADING--PERSONAL NAME
- Personal name: Bakes,Therese
670 ## - SOURCE DATA FOUND
- Source citation: Work cat.: (NUST)23580: Bakes,Therese, Doing Social Research
